ბათუმის შოთა რუსთაველის სახელმწიფო უნივერსიტეტის ბიბლიოთეკა

Птицы Грузии : (ბიბ.ჩანაწერი № 61031)

000 -LEADER
fixed length control field 00820nam a22001937a 4500
005 - DATE AND TIME OF LATEST TRANSACTION
control field 20231208164928.0
008 - FIXED-LENGTH DATA ELEMENTS--GENERAL INFORMATION
fixed length control field 231208s1987 ru ||||| |||| 00| 0 rus d
041 ## - LANGUAGE CODE
Language code of text/sound track or separate title rus
080 ## - UNIVERSAL DECIMAL CLASSIFICATION NUMBER
Universal Decimal Classification number 598.2(479.22) (083.71) Б-45
100 ## - MAIN ENTRY--PERSONAL NAME
Personal name Беме, Р.Л.
9 (RLIN) 20639
245 ## - TITLE STATEMENT
Title Птицы Грузии :
Remainder of title Полевой определитель /
Statement of responsibility, etc. Беме, Р.Л.; Жордания, Р.Г.; Кузнецов, А.А.
264 ## - PRODUCTION, PUBLICATION, DISTRIBUTION, MANUFACTURE, AND COPYRIGHT NOTICE
Place of production, publication, distribution, manufacture Тбилиси:
Name of producer, publisher, distributor, manufacturer Сабчота сакартвело,
Date of production, publication, distribution, manufacture, or copyright notice 1987.
300 ## - PHYSICAL DESCRIPTION
Extent 124 с.:
Other physical details илл.;
Dimensions 22 см.
653 ## - INDEX TERM--UNCONTROLLED
keyword საქართველოს ჩიტები
653 ## - INDEX TERM--UNCONTROLLED
keyword საველე გზამკვლევი
700 ## - ADDED ENTRY--PERSONAL NAME
Personal name Жордания, Р. Г.;
Relator term ავტორი
9 (RLIN) 20640
700 ## - ADDED ENTRY--PERSONAL NAME
Personal name Кузнецов, А. А.
Relator term ავტორი
9 (RLIN) 20641
942 ## - ADDED ENTRY ELEMENTS (KOHA)
Source of classification or shelving scheme
Koha item type წიგნი
ეგზემპლარები
Withdrawn status Lost status Source of classification or shelving scheme Damaged status Not for loan Permanent Location Current Location Shelving location Date acquired Cost, normal purchase price Full call number Barcode Date last seen Copy number Uniform Resource Identifier Price effective from Koha item type Public note
          ბათუმის შოთა რუსთაველის სახელმწიფო უნივერსიტეტის მთავარი ბიბლიოთეკა ბათუმის შოთა რუსთაველის სახელმწიფო უნივერსიტეტის მთავარი ბიბლიოთეკა წიგნსაცავი 2023-12-08 8.00 598.2(479.22) (083.71) Б-45 65559 2023-12-08 65559 ბსუ-ს საპატიო დოქტორის გურამ ლორთქიფანიძის საჩუქარი 2023-12-08 წიგნი 8 ლ.